| 000 | 00548nam a2200169Ia 4500 | ||
|---|---|---|---|
| 008 | 140626s9999 xx 000 0 und d | ||
| 100 | _aSommers-Baskin, Arielle. | ||
| 245 |
_aEvaluating the generalizatbility of a fear deficit in psychopathic African American offenders / _cArielle Sommers-Baskin ... [et al.]. |
||
| 260 | _cc2011. | ||
| 300 | _a120 : 1, page 71 | ||
| 440 | _aJournal of Abnormal Psychology | ||
| 521 | _aPSYCH | ||
| 650 | _aAfrican American offenders. | ||
| 650 | _aFear deficit. | ||
| 650 | _aPsychopathy. | ||
| 942 | _cSE | ||
| 999 |
_c121262 _d121262 |
||